|
|
|
|
| LEADER |
00000nab a2200000 a 4500 |
| 001 |
vtls010259888 |
| 003 |
SK-MaSNL |
| 005 |
20260304155421.0 |
| 008 |
25050709c2009 xo o |||||||||||||||slon |
| 015 |
|
|
|a SNBRB2010/03
|
| 035 |
|
|
|a SVKKK000099845
|
| 035 |
|
|
|a (urnnbn)urn:nbn:sk:snk:ar-005kiv
|
| 035 |
|
|
|a (uuid)4f5f3dba-09c4-42da-b3c8-8ce930313ae4
|
| 035 |
|
|
|a urn:nbn:sk:snk-ab80nh
|
| 038 |
|
|
|a SVKKK
|
| 040 |
|
|
|a SNKBUCL
|b slo
|c SNKBUCL
|e AACR2
|
| 041 |
0 |
|
|a eng
|
| 044 |
|
|
|a xo
|c SK
|
| 080 |
|
|
|a 552.541
|2 1997
|
| 080 |
|
|
|a 519.23
|2 1997
|
| 100 |
1 |
|
|a Kronome, K.
|4 aut
|9 1481088
|
| 245 |
1 |
0 |
|a Application of statistical methods in the study of Upper Triassic Hallstatt limestones near Silická Brezová village, Inner Western Carpathians
|c K. Kronome, N. Hudáčková, M. Sýkora
|
| 650 |
0 |
7 |
|a vápenec
|2 snkbucl
|9 30506
|
| 700 |
1 |
|
|a Hudáčková, N.
|4 aut
|9 789463
|
| 700 |
1 |
|
|a Sýkora, M.
|4 aut
|9 788998
|
| 773 |
0 |
|
|t Mineralia slovaca
|g Roč. 41, č. 3 (2009)
|g Č. 3 (2009), s. 362
|x 0369-2086
|
| 773 |
0 |
|
|t Geovestník
|g Roč. 41, č. 3 (2009)
|g Č. 3 (2009), s. 362
|x 0369-2086
|
| 850 |
|
|
|a Slovenská národná knižnica
|
| 852 |
|
|
|a Slovenská národná knižnica
|
| 958 |
|
|
|a article9
|
| 958 |
|
|
|a OND
|
| 958 |
|
|
|a EUIPO
|
| 999 |
|
|
|c 2962182
|d 2964112
|